00627nam a22001457a 450000500170000010000790001724500680009626000270016430000090019170000470020094200110024799900170025895201030027595201030037820260629120932.0 aKianat Aftaba21MSSE-18aSupervisor - Prof. Dr. Mukhtiar Ahmed Memon91024 aAdaptive Triangular Node Controlling Routing ATNCR ( Thesis MS) aNawabshahbQUESTc2025 a86p. aDepartment of Information Technology 9954 cTHESIS c69082d69079 00104070aRESEARCHbRESEARCHd2026-06-29l0pMP/98-1439r2026-06-29 12:10:00w2026-06-29yTHESIS 00104070aRESEARCHbRESEARCHd2026-06-29l0pMP/98-1440r2026-06-29 12:10:00w2026-06-29yTHESIS